00197nam a2200073Ia 4500008004100000100002800041245002600069260002800095170817s9999 xx 000 0 und d aTripathi.Naresh.Chandra 0aShiksha Ke Nutan Ayam bAgarwal Prakashan Agara